Normal view
MARC view
- Lloret, Jordi Martín
Entry Nombre Personal
001 - NUMERO DE CONTROL
- campo de control: 51343
003 - IDENTIFICADOR DE NUMERO DE CONTROL
- campo de control: UPN
005 - FECHA Y HORA DE LA ÜLTIMA TRANSACCIÓN
- campo de control: 20240312144716.0
008 - DATOS DE LONGITUD FIJA
- campo de control de longitud fija: 240312|| aca||aabn | aaa d
040 ## - FUENTE DE CATALOGACIÓN
- Agencia original de catalogación: MX-MxUPN
- Lenguaje de catalogación: spa
- Agencia de transcripción: MX-MxUPN
100 1# - ENCABEZAMIENTO - NOMBRE PERSONAL
- Nombre personal: Lloret, Jordi Martín
370 ## - LUGAR ASOCIADO
- Fuente del término: $naf
- Place of birth: Barcelona (España)
374 ## - OCUPACIÓN
- Occupation: Traductor
670 ## - FUENTE EN LA QUE SE LOCALIZARON DATOS
- Cita de la fuente: LC, 12 marzo 2024:
- Información localizada: (Lloret, Jordi Martín)
- Uniform Resource Identifier: https://lccn.loc.gov/no2015068449
902 ## - CATALOGADOR
- Catalogador: MaríaRobles/120324
